| 000 | 00928naa a2200241 4500 | ||
|---|---|---|---|
| 005 | 20110810145620.0 | ||
| 008 | 110810t xxu||||| |||| 00| 0 eng d | ||
| 010 | _aENG-103351 | ||
| 020 | _c50.00 | ||
| 035 | _aEN-86884 | ||
| 037 | _bDBAD/PUB | ||
| 040 |
_aDPL _bEng |
||
| 082 | _a796.3578 | ||
| 100 |
_932587 _aReddy, Nadamala Gangadhara |
||
| 245 | 1 |
_aRead & play softball / _cby Nadamala Gangadhara Reddy |
|
| 260 |
_aVijayawada _bNavaratna Book House _c2009 |
||
| 270 |
_a# 28-22-20,Rahiman Street,Arundelpet, _bVijaywada _e520002 _k9440313113 |
||
| 300 |
_a144p. : _c22cm (pbk) _bill. |
||
| 700 | _932860 | ||
| 942 |
_adpl _cEN _2ddc _mRED _h796.3578 |
||
| 999 |
_c55522 _d55522 |
||